Statistics for Countries with Dominican embassies

Click here to take the quiz!

General Stats

  • This quiz has been taken 38 times
  • The average score is 39 of 46

Answer Stats

ContinentCountry% Correct
EuropeFrance
100%
EuropeSpain
100%
EuropeUnited Kingdom
100%
South AmericaBrazil
97%
North AmericaCanada
97%
South AmericaArgentina
93%
South AmericaColombia
93%
EuropeGermany
93%
EuropeItaly
93%
North AmericaUnited States of America
93%
AsiaChina
90%
North AmericaCuba
90%
North AmericaHonduras
90%
North AmericaMexico
90%
South AmericaPeru
90%
South AmericaVenezuela
90%
EuropeBelgium
86%
South AmericaChile
86%
AfricaEgypt
86%
North AmericaGuatemala
86%
AsiaIndia
86%
North AmericaJamaica
86%
North AmericaPanama
86%
South AmericaParaguay
86%
Europethe Netherlands
86%
South AmericaUruguay
86%
North AmericaCosta Rica
83%
South AmericaEcuador
83%
North AmericaEl Salvador
83%
North AmericaHaiti
83%
Asia/ EuropeRussia
83%
AfricaSouth Africa
83%
AsiaSouth Korea
83%
EuropeSwitzerland
83%
AsiaJapan
79%
North AmericaNicaragua
76%
EuropePoland
76%
EuropeSweden
76%
EuropeAustria
72%
EuropeGreece
69%
AfricaMorocco
69%
AsiaQatar
66%
North AmericaTrinidad and Tobago
66%
AsiaUnited Arab Emirates
66%
AsiaIsrael
62%
EuropeVatican City
62%

Score Distribution

Percentile by Number Answered

Percent of People with Each Score

Your Score History

You have not taken this quiz